000 00363nam a2200121 4500
999 _c9782
_d9782
008 180717b ||||| |||| 00| 0 eng d
100 _928988
_aYee, Jovic
245 _aTeachers get pointers on how to discipline pupils/
_cJovic Yee
260 _aPhilippines
_bPhilippine Daily Inquirer
_cc2016
300 _apage B1.
650 0 _928989
_aTeachers.
942 _2ddc
_cPER